[Event "Duitama op 13th"]
[Site "Duitama"]
[Date "2010.01.09"]
[Round "2.10"]
[White "Ramirez, Francisco Javier"]
[Black "Medina, Carlos A"]
[Result "1-0"]
[WhiteElo "1973"]
[BlackElo "1667"]
[PlyCount "69"]
[EventDate "2010.01.09"]
[EventType "swiss"]
[EventRounds "7"]
[EventCountry "COL"]
[SourceTitle "EXT 2024"]
[Source "ChessBase"]
[SourceDate "2023.10.10"]
[SourceVersion "1"]
[SourceVersionDate "2023.10.10"]
[SourceQuality "1"]

1. e4 e6 2. d4 d5 3. Nd2 c5 4. c3 Nc6 5. Ngf3 Nf6 6. e5 Nd7 7. Bd3 cxd4 8. cxd4 Bb4 9. 0-0 f6 10. exf6 Nxf6 11. a3 Bd6 12. Re1 0-0 13. b4 a6 14. Bb2 h6 15. Rc1 Bd7 16. Bb1 Rc8 17. Qe2 Bf4 18. g3 Bxd2 19. Qxd2 Ne7 20. Ne5 Nf5 21. Rxc8 Bxc8 22. Qc3 Nd6 23. f3 b5 24. Qd3 Nc4 25. Bc1 Qe8 26. g4 Bb7 27. h4 Qd8 28. g5 hxg5 29. hxg5 Nxe5 30. Rxe5 Ne8 31. Qh7+ Kf7 32. Qg6+ Kg8 33. Qxe6+ Kh8 34. Qh3+ Kg8 35. Qh7+ 1-0